00333nam a22001097a 4500020001800000082001200018100002500030245006700055260007000122300000800192650002300200 a9788193110716 a230 LON a Longkumer, Limatula aMethodological Issues in Tehological Research: an Exploration aSerampore, West BengalbSATHRI, Senate of Serampore Collegec2020 a318 aTheology-Christian